Statistics for Cornelia Jakobs "Hold Me Closer" Lyrics

Click here to take the quiz!

General Stats

  • This quiz has been taken 34 times
  • The average score is 291 of 310

Answer Stats

HintAnswer% Correct
baby
100%
be
100%
best
100%
| Bridge'cause
100%
closer
100%
could
100%
| Chorus | Chroushold
100%
(Hold
100%
I
100%
I'll
100%
is
100%
me
100%
need
100%
Verse 1no
100%
not
100%
nothing
100%
right
100%
Pre-Chorusso
100%
the
100%
this
100%
to
100%
you
100%
all
96%
apologize
96%
before
96%
but
96%
bye,
96%
bye.
96%
bye
96%
ever
96%
go,
96%
leave
96%
less
96%
love
96%
regret
96%
that
96%
there's
96%
tight)
96%
tight,
96%
tight
96%
tight?
96%
time
96%
time?
96%
until
96%
when
96%
wrong
96%
although
93%
an
93%
at
93%
OutroCan't
93%
can't
93%
for
93%
guess
93%
It
93%
it
93%
just
93%
of
93%
one
93%
sunrise
93%
what
93%
wish
93%
you're
93%
bleeding,
89%
don't
89%
end
89%
fine
89%
found
89%
give
89%
good
89%
had
89%
have
89%
hurt
89%
I'm
89%
it's
89%
let
89%
most
89%
night
89%
oh,
89%
say
89%
things
89%
too
89%
wanted
89%
you'll
89%
and
85%
anyone
85%
bad
85%
come
85%
death
85%
else
85%
find
85%
help?
85%
isn't
85%
kills
85%
know,
85%
lose
85%
maybe
85%
might
85%
mind,
85%
never
85%
see
85%
will
85%
about
81%
fast
81%
felt
81%
happened
81%
in
81%
my
81%
really
81%
scares
81%
someone
81%
that's
81%
understand
81%
was
81%
way
81%
why
81%
chest
78%
did
78%
ease
78%
how
78%
pain
78%
tomorrow
78%
would
78%
well,
74%
you've
74%
still
67%
though
63%

Score Distribution

Percentile by Number Answered

Percent of People with Each Score

Your Score History

You have not taken this quiz